[Event "Quebec op"]
[Site "Montreal"]
[Date "2013.07.22"]
[Round "3"]
[White "Lopez Linares, Lizandro Fernando"]
[Black "Robidas, Francois"]
[Result "1/2-1/2"]
[WhiteElo "2095"]
[BlackElo "2020"]
[PlyCount "41"]
[EventDate "2013.07.21"]
[EventType "swiss"]
[EventRounds "9"]
[EventCountry "CAN"]
[SourceTitle "EXT 2022"]
[Source "ChessBase"]
[SourceDate "2021.10.06"]
[SourceVersion "1"]
[SourceVersionDate "2021.10.06"]
[SourceQuality "1"]

1. d4 d5 2. c4 e6 3. Nc3 c5 4. cxd5 exd5 5. Nf3 Nc6 6. g3 Nf6 7. Bg2 Be7 8. 0-0 0-0 9. dxc5 Bxc5 10. Bg5 d4 11. Bxf6 Qxf6 12. Ne4 Qe7 13. Nxc5 Qxc5 14. Rc1 Qb6 15. Qd2 Be6 16. b3 Rad8 17. Rfd1 Rfe8 18. Qb2 Bd5 19. Rd2 Rd6 20. Rcd1 Red8 21. Ne1 1/2-1/2

[Event "Montreal Mercredi 05"]
[Site "Montreal"]
[Date "2012.05.30"]
[Round "3"]
[White "Boudreau, Daniel"]
[Black "Robidas, Francois"]
[Result "0-1"]
[WhiteElo "1959"]
[BlackElo "1989"]
[PlyCount "150"]
[EventDate "2012.05.16"]
[EventType "swiss"]
[EventRounds "5"]
[EventCountry "CAN"]
[SourceTitle "EXT 2022"]
[Source "ChessBase"]
[SourceDate "2021.10.06"]
[SourceVersion "1"]
[SourceVersionDate "2021.10.06"]
[SourceQuality "1"]

1. e4 e5 2. Bc4 Nf6 3. d3 Nc6 4. Nf3 d5 5. Bb3 Bc5 6. exd5 Nxd5 7. Nbd2 Bg4 8. Ne4 Bb6 9. c3 Qd7 10. Bg5 h6 11. Bd2 f5 12. Ng3 Nf4 13. Bxf4 exf4 14. Ne2 0-0-0 15. d4 Rhe8 16. 0-0 Bxf3 17. gxf3 Qe7 18. Nxf4 Qg5+ 19. Ng2 Bxd4 20. cxd4 Nxd4 21. f4 Qg6 22. Kh1 Re2 23. Rc1 Qh5 24. Rc3 Nf3 25. Be6+ Rxe6 26. Qxf3 Qxf3 27. Rxf3 Re2 28. b3 Rxa2 29. Nh4 Ra5 30. Re1 Rd4 31. Ng6 Rb5 32. Re7 a5 33. Rc3 c5 34. Kg2 a4 35. bxa4 Rxa4 36. Re5 b6 37. Ne7+ Kd8 38. Rd3+ Kc7 39. Nxf5 Rb2 40. Rd6 Kb7 41. Re7+ Ka6 42. Rd8 Rxf4 43. Ra8+ Kb5 44. Nd6+ Kc6 45. Ne4 c4 46. Kg3 g5 47. Rc8+ Kb5 48. f3 Kb4 49. Rec7 b5 50. Rb8 Rb3 51. Nd2 Rd3 52. Nxc4 Rxc4 53. Rxc4+ Kxc4 54. Rb6 h5 55. h3 Rd5 56. Rh6 b4 57. h4 b3 58. Rc6+ Rc5 59. Rb6 Rb5 60. Rxb5 Kxb5 61. hxg5 b2 62. Kh4 b1Q 63. Kxh5 Qf5 64. Kh6 Qh3+ 65. Kg7 Qxf3 66. g6 Kc6 67. Kh7 Qh5+ 68. Kg7 Kd6 69. Kf6 Qh6 70. Kf7 Qf4+ 71. Kg8 Ke7 72. g7 Qf7+ 73. Kh8 Qh5+ 74. Kg8 Kf6 75. Kf8 Qf7# 0-1

[Event "Montreal Mercredi 05"]
[Site "Montreal"]
[Date "2012.05.16"]
[Round "1"]
[White "Robidas, Francois"]
[Black "Nardone, Raul"]
[Result "1-0"]
[WhiteElo "1989"]
[BlackElo "1878"]
[PlyCount "53"]
[EventDate "2012.05.16"]
[EventType "swiss"]
[EventRounds "5"]
[EventCountry "CAN"]
[SourceTitle "EXT 2022"]
[Source "ChessBase"]
[SourceDate "2021.10.06"]
[SourceVersion "1"]
[SourceVersionDate "2021.10.06"]
[SourceQuality "1"]

1. e4 c5 2. c3 d5 3. exd5 Qxd5 4. d4 Nc6 5. Nf3 e6 6. Be3 cxd4 7. cxd4 Nf6 8. Nc3 Qd8 9. a3 Be7 10. Bd3 0-0 11. 0-0 b6 12. Qe2 Bb7 13. Rad1 Re8 14. Ne5 Nxe5 15. dxe5 Nd5 16. Bb1 Qb8 17. Bd2 Nxc3 18. Bxc3 Qc8 19. Rd4 Qc6 20. Qg4 g6 21. Be4 Qc7 22. Bb1 h5 23. Qg3 Kg7 24. Rf4 Rf8 25. Rf6 Rg8 26. Bxg6 Kh8 27. Rxf7 1-0

[Event "Quebec-ch opB"]
[Site "Montreal"]
[Date "2010.07.27"]
[Round "5"]
[White "Yao, Houji"]
[Black "Robidas, Francois"]
[Result "0-1"]
[WhiteElo "1669"]
[BlackElo "2002"]
[PlyCount "72"]
[EventDate "2010.07.24"]
[EventType "swiss"]
[EventRounds "9"]
[EventCountry "CAN"]
[SourceTitle "EXT 2013"]
[Source "ChessBase"]
[SourceDate "2012.11.22"]
[SourceVersion "1"]
[SourceVersionDate "2012.11.22"]
[SourceQuality "1"]

1. e4 d5 2. exd5 Qxd5 3. Nc3 Qd6 4. d4 Nf6 5. Bc4 Nc6 6. Be3 a6 7. Nge2 Bf5 8. Qd2 e6 9. Bb3 Rd8 10. Bf4 Qd7 11. f3 Be7 12. 0-0-0 0-0 13. g4 Bg6 14. h4 h5 15. d5 Na5 16. dxe6 Nxb3+ 17. axb3 Qxe6 18. Nd4 Qc8 19. g5 c5 20. gxf6 Bxf6 21. Ne4 Be7 22. Nxc5 Bxc5 23. Qc3 Rxd4 24. Rxd4 Bxd4 25. Qd2 Rd8 26. Qh2 Qc5 27. Kb1 Rc8 28. Rc1 Bf6 29. Bd6 Qd4 30. Ba3 b5 31. b4 a5 32. Qg1 Bxc2+ 33. Ka1 Qxg1 34. Rxg1 axb4 35. Bxb4 Ra8+ 36. Ba3 Rxa3# 0-1

[Event "Quebec op U2400"]
[Site "Montreal"]
[Date "2009.07.23"]
[Round "7"]
[White "Robidas, Francois"]
[Black "Rousseau, Daniel"]
[Result "0-1"]
[WhiteElo "2026"]
[BlackElo "2078"]
[PlyCount "126"]
[EventDate "2009.07.18"]
[EventType "swiss"]
[EventRounds "9"]
[EventCountry "CAN"]
[SourceTitle "EXT 2011"]
[Source "ChessBase"]
[SourceDate "2010.11.26"]
[SourceVersion "1"]
[SourceVersionDate "2010.11.26"]
[SourceQuality "1"]

1. d4 Nf6 2. c4 g6 3. Nc3 Bg7 4. e4 d6 5. f3 0-0 6. Be3 e5 7. Nge2 c6 8. Qd2 Nbd7 9. 0-0-0 Re8 10. d5 c5 11. g4 a6 12. h4 b5 13. h5 Nb6 14. Ng3 bxc4 15. hxg6 fxg6 16. Bh3 Re7 17. Rdg1 Qf8 18. Bf1 Ne8 19. Rh3 Rf7 20. Be2 Raa7 21. Bd1 Qe7 22. Rgh1 Bf6 23. Rh6 Nd7 24. Kb1 Nf8 25. g5 Bg7 26. R6h2 Nc7 27. Qe2 Nb5 28. Qxc4 Nd4 29. Rf2 Rb7 30. Rhf1 Rb4 31. Qd3 Qd8 32. a3 Rb8 33. Nge2 Rfb7 34. Nc1 Qa5 35. Ka2 Bd7 36. Rg1 Bb5 37. Nxb5 axb5 38. Kb1 b4 39. axb4 Rxb4 40. Na2 Ra8 41. b3 Rb7 42. Rgg2 Nd7 43. Rb2 Nb8 44. Qc3 Qa3 45. Kc1 Na6 46. Kd2 Nb5 47. Qc1 Nb4 48. Nxb4 Qxb4+ 49. Kd3 Nd4 50. Qc3 Qb5+ 51. Qc4 Qd7 52. Ra2 Rab8 53. Bxd4 exd4 54. Ke2 Qh3 55. Kf1 Be5 56. f4 Bxf4 57. Raf2 Be3 58. Bg4 Qh1+ 59. Rg1 Qxe4 60. Be6+ Kg7 61. Qe2 d3 62. Qe1 d2 63. Rxd2 Rf8+ 0-1

[Event "Quebec op U2400"]
[Site "Montreal"]
[Date "2009.07.21"]
[Round "5"]
[White "Robidas, Francois"]
[Black "Lemieux, Serge"]
[Result "1-0"]
[WhiteElo "2026"]
[BlackElo "1533"]
[PlyCount "129"]
[EventDate "2009.07.18"]
[EventType "swiss"]
[EventRounds "9"]
[EventCountry "CAN"]
[SourceTitle "EXT 2011"]
[Source "ChessBase"]
[SourceDate "2010.11.26"]
[SourceVersion "1"]
[SourceVersionDate "2010.11.26"]
[SourceQuality "1"]

1. c4 c6 2. Nc3 Nf6 3. d4 d5 4. Nf3 e6 5. Bg5 Nbd7 6. e3 Be7 7. Bd3 dxc4 8. Bxc4 Nd5 9. Bxe7 Qxe7 10. 0-0 b5 11. Bd3 N7f6 12. Ne5 Bd7 13. Rc1 Nb4 14. Bb1 Rc8 15. a3 Nbd5 16. Qd3 Nxc3 17. Rxc3 Nd5 18. Rc5 f6 19. Nf3 Qf7 20. Nd2 g6 21. f4 Rg8 22. e4 Ne7 23. Ba2 Qf8 24. e5 f5 25. Nf3 Nd5 26. g3 h6 27. Rfc1 Kf7 28. Bxd5 exd5 29. e6+ Kxe6 30. Ne5 Qd6 31. Re1 Kf6 32. Qc3 Rc7 33. Rc1 Rgc8 34. Re1 Re8 35. Re3 Re6 36. Qe1 Be8 37. b4 Rce7 38. Rc2 a6 39. Qc1 Rc7 40. Rec3 Qe7 41. Rc5 Qd6 42. Kf2 g5 43. R2c3 g4 44. Qd1 h5 45. a4 Qe7 46. Qc2 Qd6 47. axb5 axb5 48. Qa2 Qe7 49. Ra3 Bd7 50. Ke3 Be8 51. Kd3 Qg7 52. Ra6 Qe7 53. Kc3 Qh7 54. Kb3 h4 55. Rc3 h3 56. Kc2 Qe7 57. Rb3 Qd6 58. Kc3 Ree7 59. Rba3 Qd8 60. R3a5 Kg7 61. Ra8 Qd6 62. R5a6 Kf6 63. Kb3 Kg7 64. Qc2 Re6 65. Qxf5 1-0

[Event "Quebec op U2300"]
[Site "Montreal"]
[Date "2007.07.27"]
[Round "8"]
[White "Hagesaether, Arne"]
[Black "Robidas, Francois"]
[Result "1-0"]
[WhiteElo "2148"]
[BlackElo "1996"]
[PlyCount "63"]
[EventDate "2007.07.20"]
[EventType "swiss"]
[EventRounds "9"]
[EventCountry "CAN"]
[SourceTitle "EXT 2022"]
[Source "ChessBase"]
[SourceDate "2021.10.06"]
[SourceVersion "1"]
[SourceVersionDate "2021.10.06"]
[SourceQuality "1"]

1. e4 Nf6 2. Nc3 d5 3. exd5 Nxd5 4. Nf3 Bg4 5. h3 Bh5 6. Qe2 c6 7. g4 Bg6 8. d3 e6 9. Bd2 Nd7 10. Bg2 Qc7 11. Nh4 Nf4 12. Qf3 Bd6 13. Bf1 Nf6 14. 0-0-0 0-0-0 15. Kb1 Kb8 16. Ng2 N6d5 17. Ne3 b5 18. Ng2 f6 19. Nxf4 Bxf4 20. Nxd5 cxd5 21. Qxf4 e5 22. Qb4 Qc6 23. Bg2 Rc8 24. Qb3 Bf7 25. d4 Bg6 26. Bc3 e4 27. Rhe1 Rhd8 28. Re3 Qb6 29. Bf1 Be8 30. Qa3 Rd6 31. Ba5 Qc6 32. Rc3 1-0

[Event "Quebec op U2300"]
[Site "Montreal"]
[Date "2007.??.??"]
[Round "2"]
[White "Robidas, Francois"]
[Black "Campbell, Martin Alexandre"]
[Result "1-0"]
[WhiteElo "1995"]
[BlackElo "1805"]
[PlyCount "69"]
[EventDate "2007.07.20"]
[EventType "swiss"]
[EventRounds "9"]
[EventCountry "CAN"]
[SourceTitle "EXT 2010"]
[Source "ChessBase"]
[SourceDate "2010.11.25"]
[SourceVersion "1"]
[SourceVersionDate "2010.11.25"]
[SourceQuality "1"]

1. e4 e5 2. Nf3 Nc6 3. Bb5 Nf6 4. Nc3 Bc5 5. 0-0 0-0 6. Bxc6 dxc6 7. d3 Re8 8. Ne2 Bg4 9. Ng3 Nh5 10. Nxh5 Bxh5 11. Be3 Bd4 12. Qd2 Bxf3 13. gxf3 Re6 14. Kh1 Qh4 15. Rg1 Qh5 16. Rg3 f5 17. Rag1 g6 18. exf5 Qxf5 19. Qe2 Bxb2 20. Rb1 Ba3 21. Rxb7 Bd6 22. Bxa7 e4 23. fxe4 Bxg3 24. hxg3 Qa5 25. Bd4 c5 26. Be3 Rb6 27. Bd2 Qxa2 28. Rxc7 Qb1+ 29. Kg2 Qxc2 30. Qe3 Rf6 31. Qh6 Rf7 32. Rxf7 Kxf7 33. Qxh7+ Kf6 34. Bg5+ Ke6 35. Qe7# 1-0

[Event "Montreal Elo"]
[Site "Montreal"]
[Date "2005.09.23"]
[Round "7"]
[White "Laptos, Krzysztof"]
[Black "Robidas, Francois"]
[Result "1-0"]
[WhiteElo "2279"]
[BlackElo "2045"]
[PlyCount "105"]
[EventDate "2005.09.16"]
[EventType "tourn"]
[EventRounds "9"]
[EventCountry "CAN"]
[EventCategory "1"]
[SourceTitle "EXT 2007"]
[Source "ChessBase"]
[SourceDate "2006.11.23"]
[SourceVersion "1"]
[SourceVersionDate "2006.11.23"]
[SourceQuality "1"]

1. e4 Nf6 2. d3 e5 3. Nf3 Nc6 4. Be2 Bc5 5. c3 d6 6. 0-0 0-0 7. Bg5 Bb6 8. Nbd2 Be6 9. b4 Qd7 10. Bxf6 gxf6 11. Nc4 Ne7 12. d4 Rfd8 13. d5 Bg4 14. Nfxe5 Bxe2 15. Nxd7 Bxd1 16. Ndxb6 Be2 17. Rfe1 Bd3 18. Re3 axb6 19. Rxd3 Ra4 20. Rg3+ Kf8 21. h4 Rda8 22. a3 b5 23. Na5 f5 24. exf5 Nxf5 25. Rh3 b6 26. Nc6 Rxa3 27. Rxa3 Rxa3 28. g4 Ne7 29. Nxe7 Kxe7 30. Re3+ Kd7 31. Kg2 Ra2 32. Rd3 Rc2 33. Kg3 Ke7 34. f3 Kf6 35. Kf4 h6 36. Ke4 Rh2 37. h5 Kg5 38. Ke3 f5 39. Rd4 Rh4 40. gxf5 Rxh5 41. Rf4 Kf6 42. Ke4 Rh1 43. Rg4 Rc1 44. Rg6+ Kf7 45. Rxh6 Rxc3 46. f6 Rb3 47. f4 Rxb4+ 48. Kf5 Rb1 49. Rh7+ Ke8 50. Rxc7 Rh1 51. Rb7 Rh2 52. Rxb6 Re2 53. Rxb5 1-0

[Event "Montreal op"]
[Site "Montreal"]
[Date "2005.07.22"]
[Round "6"]
[White "Robidas, Francois"]
[Black "Trahan, Daniel"]
[Result "1/2-1/2"]
[WhiteElo "2125"]
[BlackElo "1999"]
[PlyCount "110"]
[EventDate "2005.07.15"]
[EventType "swiss"]
[EventRounds "9"]
[EventCountry "CAN"]
[SourceTitle "EXT 2007"]
[Source "ChessBase"]
[SourceDate "2006.11.23"]
[SourceVersion "1"]
[SourceVersionDate "2006.11.23"]
[SourceQuality "1"]

1. e4 c5 2. c3 Nf6 3. e5 Nd5 4. Nf3 Nc6 5. Bc4 Nb6 6. Bb3 d5 7. exd6 Qxd6 8. 0-0 Bg4 9. Bxf7+ Kxf7 10. Ng5+ Kg8 11. Qxg4 e5 12. Na3 Re8 13. Nc4 Qd7 14. Qe4 Nd5 15. Ne3 Nf4 16. Qc4+ Ne6 17. Nxe6 Qxe6 18. Qe4 g6 19. d3 h5 20. Nd5 Rh7 21. Bg5 Rf7 22. b3 Bg7 23. Rae1 Qf5 24. Be3 b6 25. Rd1 Kh7 26. f3 Rd8 27. Bf2 Qe6 28. c4 Qf5 29. Rfe1 g5 30. a3 Kg6 31. b4 cxb4 32. axb4 Bf8 33. b5 Nb4 34. Ne3 Qxe4 35. dxe4 Nd3 36. Re2 Rfd7 37. Bg3 Nf4 38. Rxd7 Nxe2+ 39. Kf2 Rxd7 40. Kxe2 Kf6 41. Nd5+ Ke6 42. h3 Bc5 43. Be1 Rg7 44. Bc3 Bg1 45. g3 Rg8 46. Bb4 Rc8 47. Kd3 Bh2 48. Be1 Rf8 49. Ke2 Bg1 50. Bd2 Rg8 51. Bc1 Bh2 52. g4 hxg4 53. hxg4 Bf4 54. Ba3 Rc8 55. Kd3 Bg3 1/2-1/2

[Event "Montreal op"]
[Site "Montreal"]
[Date "2005.07.21"]
[Round "5"]
[White "Jodoin, Pierre"]
[Black "Robidas, Francois"]
[Result "0-1"]
[WhiteElo "1761"]
[BlackElo "2125"]
[PlyCount "80"]
[EventDate "2005.07.15"]
[EventType "swiss"]
[EventRounds "9"]
[EventCountry "CAN"]
[SourceTitle "EXT 2007"]
[Source "ChessBase"]
[SourceDate "2006.11.23"]
[SourceVersion "1"]
[SourceVersionDate "2006.11.23"]
[SourceQuality "1"]

1. e4 Nf6 2. e5 Nd5 3. d4 d6 4. Nf3 Bg4 5. Be2 e6 6. 0-0 Be7 7. c4 Nb6 8. Nc3 0-0 9. Be3 d5 10. c5 N6d7 11. Qb3 b6 12. Rac1 c6 13. Bd3 f6 14. exf6 gxf6 15. Be2 Rf7 16. h3 Bxf3 17. Bxf3 Nf8 18. Na4 b5 19. Nc3 Nbd7 20. Qc2 f5 21. Ne2 Nf6 22. Nf4 Qd7 23. Nd3 Ng6 24. Bg5 Bf8 25. Rce1 Ne4 26. Bf4 Nxf4 27. Nxf4 Bg7 28. Rd1 Kh8 29. Nh5 Bh6 30. Ng3 Rg8 31. Ne2 Qc7 32. Rd3 Rfg7 33. Kh1 Rg6 34. Bxe4 fxe4 35. Rg3 Rxg3 36. Nxg3 Qg7 37. Qc3 Bf4 38. Rg1 Bxg3 39. fxg3 Qxg3 40. Qxg3 Rxg3 0-1

[Event "Quebec op"]
[Site "Montreal"]
[Date "2004.07.20"]
[Round "5"]
[White "Robidas, Francois"]
[Black "Lacroix, Serge"]
[Result "1-0"]
[WhiteElo "1959"]
[BlackElo "2027"]
[PlyCount "85"]
[EventDate "2004.07.17"]
[EventType "swiss"]
[EventRounds "9"]
[EventCountry "CAN"]
[SourceTitle "CBM 101 Extra"]
[Source "ChessBase"]
[SourceDate "2004.09.01"]
[SourceVersion "2"]
[SourceVersionDate "2004.09.01"]
[SourceQuality "1"]

1. e4 c5 2. c3 Nf6 3. e5 Nd5 4. Nf3 Nc6 5. Bc4 Nb6 6. Bb3 c4 7. Bc2 d5 8. exd6 exd6 9. 0-0 Be7 10. d4 Bg4 11. Bf4 0-0 12. Nbd2 f5 13. Qe2 g5 14. Qe6+ Kh8 15. d5 Rf6 16. Nxg5 Rxe6 17. Nf7+ Kg8 18. Nxd8 Rxd8 19. dxe6 Nd5 20. Bh6 Be2 21. Rfe1 Bd3 22. Bxd3 cxd3 23. Nf3 Nf6 24. Rad1 Ng4 25. Bf4 Nge5 26. Nxe5 dxe5 27. Bxe5 Rd5 28. f4 Bc5+ 29. Kf1 Kf8 30. Bd4 Nxd4 31. Rxd3 Ke7 32. cxd4 Bb4 33. Re5 Rd8 34. d5 Rf8 35. Rb3 a5 36. a3 Bd2 37. Rxb7+ Kd6 38. Rd7+ Kc5 39. d6+ Kc6 40. e7 Re8 41. Rd8 Bxf4 42. Rxe8 Bxe5 43. Rc8+ 1-0

[Event "Quebec-ch sf"]
[Site "Montreal"]
[Date "2004.06.20"]
[Round "5"]
[White "Benoit Deschamps, Jean Marc"]
[Black "Robidas, Francois"]
[Result "1-0"]
[WhiteElo "1859"]
[BlackElo "1941"]
[PlyCount "134"]
[EventDate "2004.06.??"]
[EventType "swiss"]
[EventRounds "5"]
[EventCountry "CAN"]
[SourceTitle "EXT 2006"]
[Source "ChessBase"]
[SourceDate "2005.11.24"]
[SourceVersion "1"]
[SourceVersionDate "2005.11.24"]
[SourceQuality "1"]

1. d4 d5 2. c4 e6 3. Nc3 c5 4. e3 Nc6 5. Nf3 Nf6 6. a3 Be7 7. dxc5 Bxc5 8. cxd5 exd5 9. b4 Bd6 10. Bb2 0-0 11. Be2 Bg4 12. 0-0 Rc8 13. Qb3 Re8 14. Rfd1 Be6 15. Qa4 a5 16. Nb5 Bb8 17. Nbd4 axb4 18. axb4 Ne4 19. Rac1 Ne7 20. Bb5 Rf8 21. Nxe6 fxe6 22. Bd7 Rxc1 23. Bxe6+ Kh8 24. Rxc1 Nc6 25. b5 Ne7 26. Qa1 Nf6 27. Be5 Qb6 28. Bxb8 Qxe6 29. Qe5 Qd7 30. Qd6 Qxb5 31. Qxe7 Rxb8 32. Nd4 Qb2 33. Qc7 Re8 34. Qc2 Qa3 35. Qc5 Qb2 36. Qc2 Qa3 37. Rb1 Ng4 38. h3 Nf6 39. Rxb7 Rg8 40. Qc7 Qa1+ 41. Kh2 Qe1 42. Qf4 Qd2 43. Rb8 Qd3 44. Rxg8+ Kxg8 45. Qf5 Qc4 46. Qe6+ Kf8 47. Nf5 Qc5 48. Qd6+ Qxd6+ 49. Nxd6 g6 50. Nb5 Ke7 51. f3 Ke6 52. Kg3 Ke5 53. Kf2 h6 54. Ke2 Nd7 55. f4+ Kf5 56. Kd3 Ke6 57. Kd4 Nf6 58. g4 Kd7 59. Ke5 Ke7 60. Nc3 Kf7 61. Nxd5 Nd7+ 62. Kd6 Nf8 63. f5 Nh7 64. h4 h5 65. fxg6+ Kxg6 66. Nf4+ Kh6 67. Nxh5 Nf8 1-0

[Event "Quebec-ch sf"]
[Site "Montreal"]
[Date "2004.06.19"]
[Round "3"]
[White "Berube, Antoine"]
[Black "Robidas, Francois"]
[Result "0-1"]
[WhiteElo "2011"]
[BlackElo "1941"]
[PlyCount "68"]
[EventDate "2004.06.??"]
[EventType "swiss"]
[EventRounds "5"]
[EventCountry "CAN"]
[SourceTitle "EXT 2006"]
[Source "ChessBase"]
[SourceDate "2005.11.24"]
[SourceVersion "1"]
[SourceVersionDate "2005.11.24"]
[SourceQuality "1"]

1. d4 d5 2. c4 e6 3. Nc3 c5 4. cxd5 exd5 5. Nf3 Nc6 6. g3 Nf6 7. Bg2 Be7 8. 0-0 0-0 9. h3 Re8 10. Be3 b6 11. Rc1 c4 12. Nd2 Bb7 13. b3 cxb3 14. Nxb3 Rc8 15. Kh2 Ba3 16. Rb1 h6 17. Bc1 Bd6 18. Bb2 Bb8 19. Re1 Ne4 20. Nxe4 dxe4 21. d5 Ne5 22. Bxe4 Ng4+ 23. hxg4 Rxe4 24. Qd3 Qh4+ 25. Kg2 Qxg4 26. Rbd1 Rd8 27. Qf3 Qg6 28. Rd3 Bxd5 29. Red1 Rd4 30. Nxd4 Bxf3+ 31. Nxf3 Rxd3 32. exd3 Qc6 33. d4 Qd5 34. a3 g5 0-1

[Event "Quebec-ch sf"]
[Site "Montreal"]
[Date "2004.06.19"]
[Round "1"]
[White "Robidas, Francois"]
[Black "Tessier Desrosiers, Olivier"]
[Result "0-1"]
[WhiteElo "1941"]
[BlackElo "2173"]
[PlyCount "56"]
[EventDate "2004.06.??"]
[EventType "swiss"]
[EventRounds "5"]
[EventCountry "CAN"]
[SourceTitle "EXT 2006"]
[Source "ChessBase"]
[SourceDate "2005.11.24"]
[SourceVersion "1"]
[SourceVersionDate "2005.11.24"]
[SourceQuality "1"]

1. e4 c5 2. c3 Nf6 3. e5 Nd5 4. d4 cxd4 5. Nf3 Nc6 6. cxd4 g6 7. Nc3 Nxc3 8. bxc3 Bg7 9. Bf4 Qa5 10. Qd2 0-0 11. d5 Nd8 12. Rc1 e6 13. c4 Qa4 14. Be2 b6 15. 0-0 Ba6 16. Bh6 Rc8 17. Qf4 exd5 18. Bxg7 Kxg7 19. Qf6+ Kg8 20. Nh4 Qc6 21. Qg5 f6 22. exf6 Nf7 23. Qg4 Qxf6 24. Nf3 Rc7 25. Rfd1 Rfc8 26. Rxd5 Bxc4 27. Bxc4 Rxc4 28. Rxc4 Qa1+ 0-1

[Event "Montreal Bolduc-B 3rd"]
[Site "Montreal"]
[Date "2004.04.20"]
[Round "4"]
[White "Robidas, Francois"]
[Black "Thomas, William G"]
[Result "1-0"]
[WhiteElo "1995"]
[BlackElo "1998"]
[PlyCount "53"]
[EventDate "2004.03.??"]
[EventType "tourn"]
[EventRounds "9"]
[EventCountry "CAN"]
[SourceTitle "EXT 2006"]
[Source "ChessBase"]
[SourceDate "2005.11.24"]
[SourceVersion "1"]
[SourceVersionDate "2005.11.24"]
[SourceQuality "1"]

1. c4 f5 2. Nc3 Nf6 3. g3 g6 4. Bg2 e5 5. e3 c6 6. d4 e4 7. d5 Na6 8. Nh3 Nc5 9. 0-0 a5 10. f3 d6 11. fxe4 fxe4 12. Nf2 Qe7 13. Qc2 Bf5 14. g4 Bxg4 15. Nxg4 Nxg4 16. Nxe4 cxd5 17. Nxc5 dxc5 18. Bxd5 0-0-0 19. e4 Bg7 20. Rf7 Bd4+ 21. Kh1 Qd6 22. Bf4 Qb6 23. Bxb7+ Qxb7 24. Rxb7 Kxb7 25. Qb3+ Kc8 26. Qb8+ Kd7 27. Qd6+ 1-0

[Event "Montreal Bolduc-B 3rd"]
[Site "Montreal"]
[Date "2004.03.22"]
[Round "1"]
[White "Charbonneau, Anne Marie"]
[Black "Robidas, Francois"]
[Result "0-1"]
[WhiteElo "2048"]
[BlackElo "1995"]
[PlyCount "92"]
[EventDate "2004.03.??"]
[EventType "tourn"]
[EventRounds "9"]
[EventCountry "CAN"]
[SourceTitle "EXT 2006"]
[Source "ChessBase"]
[SourceDate "2005.11.24"]
[SourceVersion "1"]
[SourceVersionDate "2005.11.24"]
[SourceQuality "1"]

1. d4 d5 2. c4 e6 3. Nc3 c5 4. cxd5 exd5 5. Nf3 Nc6 6. g3 Bg4 7. Bg2 Be7 8. 0-0 Nf6 9. Be3 cxd4 10. Nxd4 0-0 11. Rc1 Qd7 12. Nb3 Rad8 13. Nb5 a6 14. N5d4 Ne5 15. Nc5 Bxc5 16. Rxc5 Bh3 17. Bg5 Bxg2 18. Kxg2 Qd6 19. Rc2 Rfe8 20. Qc1 h6 21. Bd2 Nc4 22. Bf4 Qe7 23. Rd1 Nh5 24. Kg1 Qe4 25. Bc7 Rd7 26. b3 Rxc7 27. bxc4 Rec8 28. c5 Nf6 29. Qb2 Nd7 30. Rdc1 Ne5 31. Nb3 b6 32. Nd2 Qf5 33. Qxb6 Rc6 34. Qb4 Rf6 35. f3 Nc6 36. Qc3 d4 37. Qc4 Re8 38. Ne4 Rxe4 39. fxe4 Qf2+ 40. Kh1 Ne5 41. Qb3 Ng4 42. e3 Qf3+ 43. Rg2 Nf2+ 44. Kg1 Nh3+ 45. Kh1 Qf1+ 46. Rg1 Nf2# 0-1

[Event "Quebec op U2000"]
[Site "Montreal"]
[Date "2001.07.23"]
[Round "4"]
[White "Ramaswamy, Kishor"]
[Black "Robidas, Francois"]
[Result "0-1"]
[WhiteElo "1847"]
[BlackElo "1880"]
[PlyCount "139"]
[EventDate "2001.07.21"]
[EventType "swiss"]
[EventRounds "9"]
[EventCountry "CAN"]
[SourceTitle "EXT 2022"]
[Source "ChessBase"]
[SourceDate "2021.10.06"]
[SourceVersion "1"]
[SourceVersionDate "2021.10.06"]
[SourceQuality "1"]

1. d4 d5 2. Nf3 Bf5 3. Bf4 e6 4. e3 Nf6 5. c4 dxc4 6. Bxc4 Nbd7 7. 0-0 Be7 8. Nc3 c6 9. h3 0-0 10. Nh4 Nb6 11. Bb3 Re8 12. Nxf5 exf5 13. Qd3 g6 14. Rfd1 Nbd5 15. Bh2 Rc8 16. a3 Bf8 17. Rac1 Qd7 18. Ba2 a6 19. Be5 Bg7 20. Na4 Qe7 21. Nc5 Nd7 22. Bxg7 Kxg7 23. Nxb7 Rb8 24. Na5 Rxb2 25. Nxc6 Qd6 26. Bxd5 Qxd5 27. Nb4 Qb7 28. Qc3 Re2 29. Kf1 R8xe3 30. Qxe3 Rxe3 31. fxe3 a5 32. Nc2 Nf6 33. Rb1 Qe4 34. Rd2 Nd5 35. Rb3 f4 36. exf4 Qxf4+ 37. Rf2 Qc1+ 38. Ne1 Ne3+ 39. Ke2 Qd1+ 40. Kxe3 Qxb3+ 41. Nd3 Qxa3 42. d5 f5 43. Rd2 Kf6 44. Ke2 Qe7+ 45. Kf2 Qe4 46. Ne1 Qf4+ 47. Nf3 Ke7 48. g3 Qb4 49. d6+ Kd8 50. Ke1 a4 51. Nd4 Qb1+ 52. Kf2 Qe4 53. Nc2 g5 54. Ne3 a3 55. Nd5 a2 56. Nc3 a1Q 57. Nxe4 fxe4 58. Ke3 Qc3+ 59. Ke2 Qf3+ 60. Ke1 Qxg3+ 61. Kf1 Qxh3+ 62. Ke2 Qf3+ 63. Ke1 e3 64. Rb2 Qh1+ 65. Ke2 Qg2+ 66. Kxe3 Qxb2 67. d7 Qe5+ 68. Kf2 Kxd7 69. Kg2 Qf4 70. Kg1 0-1

[Event "Quebec-ch Intercoll"]
[Site "Joliette"]
[Date "1995.04.15"]
[Round "3"]
[White "Charest, Johanne"]
[Black "Robidas, Francois"]
[Result "1-0"]
[WhiteElo "1785"]
[BlackElo "1719"]
[PlyCount "97"]
[EventDate "1995.04.14"]
[EventType "swiss"]
[EventRounds "6"]
[EventCountry "CAN"]
[SourceTitle "EXT 2022"]
[Source "ChessBase"]
[SourceDate "2021.10.06"]
[SourceVersion "1"]
[SourceVersionDate "2021.10.06"]
[SourceQuality "1"]

1. e4 e6 2. d4 d5 3. e5 c5 4. c3 Nc6 5. Nf3 Qb6 6. Bd3 Bd7 7. 0-0 cxd4 8. cxd4 Nxd4 9. Nxd4 Qxd4 10. Nc3 a6 11. Re1 Ne7 12. Qe2 Ng6 13. Kh1 Be7 14. Bd2 Bc6 15. Rad1 Nf4 16. Qg4 Qxd3 17. Bxf4 Qg6 18. Qh3 Bc5 19. Be3 b6 20. a3 Rd8 21. b4 Bxe3 22. Rxe3 0-0 23. Rg3 Qf5 24. Qxf5 exf5 25. Rgd3 Rfe8 26. Nxd5 Bxd5 27. Rxd5 Rxd5 28. Rxd5 f6 29. f4 fxe5 30. fxe5 Kf7 31. Kg1 Re7 32. Kf2 Re6 33. a4 Ke7 34. a5 g6 35. Ke3 Rc6 36. b5 axb5 37. a6 b4 38. Rb5 b3 39. Rxb3 b5 40. Ra3 Rc8 41. a7 Ra8 42. Kd4 b4 43. Ra6 g5 44. Rh6 f4 45. h3 b3 46. Kc3 Kf7 47. Rxh7+ Ke6 48. Kxb3 Kxe5 49. Kc4 1-0

[Event "Quebec-ch Intercoll"]
[Site "Longueuil"]
[Date "1994.04.03"]
[Round "5"]
[White "Charest, Johanne"]
[Black "Robidas, Francois"]
[Result "0-1"]
[WhiteElo "1789"]
[BlackElo "1587"]
[PlyCount "88"]
[EventDate "1994.04.01"]
[EventType "swiss"]
[EventRounds "6"]
[EventCountry "CAN"]
[SourceTitle "EXT 2022"]
[Source "ChessBase"]
[SourceDate "2021.10.06"]
[SourceVersion "1"]
[SourceVersionDate "2021.10.06"]
[SourceQuality "1"]

1. e4 c5 2. d4 cxd4 3. c3 dxc3 4. Nxc3 Nc6 5. Nf3 e6 6. Bc4 d6 7. 0-0 a6 8. Qe2 Be7 9. Rd1 Bd7 10. a3 Rc8 11. Ba2 Nf6 12. Bg5 0-0 13. Rac1 Ne8 14. Be3 b5 15. Bb1 Nf6 16. Bg5 Ne8 17. Be3 Nf6 18. Bg5 Ne8 19. Bxe7 Qxe7 20. e5 dxe5 21. Qd3 Nf6 22. g4 g6 23. g5 Nd5 24. h4 Rfd8 25. Ne4 f5 26. gxf6 Nxf6 27. Nfg5 Nd4 28. Rxc8 Rxc8 29. f4 Bc6 30. fxe5 Nxe4 31. Nxe4 Bxe4 32. Qxe4 Nf5 33. Ba2 Qc5+ 34. Kg2 Qc2+ 35. Qxc2 Rxc2+ 36. Kh3 Ng7 37. Rd8+ Kf7 38. Rd7+ Kf8 39. Bb3 Rxb2 40. Rd3 Ke7 41. Rc3 Re2 42. a4 Rxe5 43. axb5 axb5 44. Bc2 Nf5 0-1